30 Biggest Cities in Albania - Statistics

General Stats
  • This quiz has been taken 391 times
  • The average score is 16 of 30
Answer Stats
Lp City Population % Correct
1. Tirana 858 262
100%
2. Durrës 201 519
95%
3. Vlorë 141 513
93%
4. Elbasan 126 703
91%
5. Shkodër 102 075
91%
6. Fier 85 845
84%
8. Korçë 51 152
83%
9. Berat 32 606
79%
13. Gjirokastër 19 832
77%
17. Kukës 16 719
77%
15. Sarandë 17 233
77%
20. Lezhë 15 510
68%
11. Pogradec 20 848
61%
10. Lushnjë 31 105
58%
12. Kavajë 20 192
54%
24. Krujë 11 721
53%
16. Laç 17 086
43%
22. Peshkopi 13 251
41%
7. Kamëz 66 841
38%
26. Burrel 10 862
35%
14. Fushë-Krujë 18 477
31%
30. Gramsh 8 440
29%
23. Kuçovë 12 654
28%
25. Vorë 10 901
26%
19. Patos 15 937
19%
27. Rrëshen 8 803
19%
29. Divjakë 8 445
16%
28. Milot 8 461
15%
21. Mamurras 15 284
11%
18. Sukth 15 966
6%
No matching quizzes found
Score Distribution
Percent of People with Each Score
Percentile by Number Answered
Your Score History
You have not taken this quiz